000 00525nas a2200169 a 4500
001 000016662
005 20200929164938.0
008 100308c20059999dr ur1 0 0spa d
040 _aDO-SdBNP
_cspa
043 _anwdr---
245 0 0 _aHuellas de una Gestión.
260 _aSanto Domingo :
_bHuellas de una gestíon.
300 _av. :
_bil. ;
_c28 cm.
310 _aDesconocido
362 0 _aAño 1. No. 1. (oct. 2005)
500 _aÓrgano de difusión de la labor legislativa , política y social de Victor Bizonó Haza.
999 _c16195
_d16195